00633nam a2200181 4500001000700000003000900007005001700016007000300033008004100036100002800077245007100105260003200176300003500208700003500243852003200278999001900310952012200329149108ES-MaACL20230906202943.0t|070214s1968 sp r ||||1| spa d1 aSymon, Keith R.910897010aMecánica / cKeith R. Symon ; versión de Albino Yusta Almarza. aMadrid : bAguilar, c1968. aXVI, 551 p. : bil. ; c22 cm.1 aYusta Almarza, Albino.9117753 aES-MaACLjC-34621 bR.67118 c149108d149108 00104070aATENEOMbATENEOMcDEPO2d2008-01-17eSCl0oC-34621p1155598r2023-02-23 00:00:00w2023-02-23yMONOGRAFIA